000 01281nam a22002657a 4500
008 250616e20250609xxk|||||o|||| 00| 0 eng d
041 _aeng
110 _aRoyal Institution of Chartered Surveyors
245 _aReinforced autoclaved aerated concrete (RAAC) -
_ba clear impartial guide
_h[Electronic resource]
260 _aLondon,
_bRoyal Institution of Chartered Surveyors,
_cJune 2025
300 _a17p.
490 _aRICS Consumer Guide
520 _aThis consumer guide provides straightforward information on a technical subject; it is no substitute for professional advice from an experienced construction professional, and the reader is urged to take further advice if RAAC is found or strongly suspected
650 _aREINFORCED AUTOCLAVED AERATED CONCRETE
650 _aCONCRETE
650 _aBUILDING DEFECTS
650 _aEDUCATION BUILDINGS
650 _aSCHOOLS
651 _aUnited Kingdom
690 _aBuilding materials & defects
_96223
710 _aRoyal Institution of Chartered Surveyors
856 _uhttps://www.rics.org/content/dam/ricsglobal/documents/consumer-guides/RAAC_consumer_guide.pdf
_zpdf guide here
856 _uhttps://www.rics.org/consumer-guides/reinforced-autoclaved-aerated-concrete-raac
_zweb version here
942 _n0
999 _c122170
_d122170